Urządzenie domowe, które wyłącza się automatycznie. - Statystyki

Ogólne statystyki
  • Ten quiz został rozwiązany 13 razy
  • Średni wynik to 3 z 5
Statystyki odpowiedzi
Hint Odpowiedź % Poprawnych
3. Pralka
100%
4. Zmywarka
62%
1. Mikrofalówka
54%
2. Czajnik elektryczny
31%
5. Ekspres do kawy
8%
Nie znaleziono quizów pasujących do podanych kryteriów
Rozkład punktacji
Procent ludzi z każdym wynikiem
Percentyl według liczby udzielonych odpowiedzi
Twoja historia wyników
Nie rozwiązałeś tego quizu